[Event "Rated Blitz game"]
[Site "?"]
[Date "2021.07.05"]
[Round "?"]
[White "berndhoy"]
[Black "KinzyabulatovRenat"]
[Result "1-0"]
[WhiteElo "2491"]
[BlackElo "2423"]
[PlyCount "59"]
[EventDate "2021.??.??"]
[EventType "blitz"]

1. e4 e5 2. Nf3 d5 3. exd5 e4 4. Qe2 Nf6 5. d3 Qxd5 6. dxe4 Qxe4 7. Be3 Nc6 8.
c3 Bg4 9. Nbd2 Qd5 10. Qc4 O-O-O 11. O-O-O Bd6 12. Bg5 Qxc4 13. Bxc4 Bxf3 14.
Nxf3 Ne4 15. Bxd8 Nxf2 16. Bh4 Nxh1 17. Rxh1 f6 18. Re1 a6 19. Bf2 h5 20. h3 g5
21. Nd4 Ne5 22. Bf1 Bc5 23. Bg3 h4 24. Bxe5 fxe5 25. Rxe5 Bd6 26. Rf5 c5 27.
Nf3 Re8 28. Kc2 Bf4 29. Rxc5+ Kb8 30. Bd3 {Normal} 1-0

[Event "Rated Blitz game"]
[Site "?"]
[Date "2021.07.05"]
[Round "?"]
[White "SummerWasOver"]
[Black "Dzon_Vejn"]
[Result "1-0"]
[WhiteElo "2542"]
[BlackElo "2388"]
[PlyCount "77"]
[EventDate "2021.??.??"]
[EventType "blitz"]

1. e4 e5 2. Nf3 d5 3. exd5 e4 4. Qe2 Nf6 5. d3 Qxd5 6. Nc3 Bb4 7. Bd2 Bxc3 8.
Bxc3 Nbd7 9. dxe4 Qxe4 10. Qxe4+ Nxe4 11. Bxg7 Rg8 12. Bd4 c5 13. Be3 b6 14.
O-O-O Bb7 15. Bb5 O-O-O 16. Bc4 Rxg2 17. Bxf7 Nxf2 18. Bxf2 Bxf3 19. Bh4 Bxd1
20. Rxd1 Rg7 21. Bc4 Re8 22. Ba6+ Kc7 23. Bg3+ Kd8 24. Bb5 Kc8 25. Ba6+ Kd8 26.
a4 Rf7 27. Bh4+ Kc7 28. Bg3+ Kd8 29. Bb5 Ref8 30. b3 Kc8 31. Ba6+ Kd8 32. Kb2
h6 33. Bh4+ Kc7 34. Bg3+ Kc6 35. Bb5+ Kb7 36. Bxd7 Rd8 37. Bc6+ Kc8 38. Re1 Rc7
39. Bg2 {Time forfeit} 1-0

[Event "Rated Blitz game"]
[Site "?"]
[Date "2021.07.05"]
[Round "?"]
[White "wine_on_the_forest"]
[Black "CristianS27"]
[Result "0-1"]
[WhiteElo "2461"]
[BlackElo "2506"]
[PlyCount "62"]
[EventDate "2021.??.??"]
[EventType "blitz"]

1. e4 e5 2. Nf3 d5 3. Nxe5 dxe4 4. d4 Nd7 5. Nxd7 Bxd7 6. Bc4 Bd6 7. O-O Qh4 8.
g3 Qh3 9. Re1 Nf6 10. Bf1 Qf5 11. Nc3 O-O-O 12. Bg2 Rde8 13. Be3 h5 14. f3 h4
15. fxe4 Qh7 16. e5 hxg3 17. h3 Bxh3 18. Qf3 Bxg2 19. Qxg2 Ng4 20. Bf4 Bb4 21.
Bxg3 Ba5 22. Re4 f5 23. exf6 Nxf6 24. Rxe8+ Rxe8 25. Re1 Rxe1+ 26. Bxe1 Bb6 27.
Bf2 Qh6 28. Na4 Kb8 29. Nxb6 axb6 30. c3 Qc1+ 31. Kh2 Qxb2 {Normal} 0-1

[Event "Rated Blitz game"]
[Site "?"]
[Date "2021.07.05"]
[Round "?"]
[White "Suriken"]
[Black "Dzon_Vejn"]
[Result "1-0"]
[WhiteElo "2454"]
[BlackElo "2393"]
[PlyCount "81"]
[EventDate "2021.??.??"]
[EventType "blitz"]

1. e4 e5 2. Nf3 d5 3. exd5 e4 4. Qe2 Nf6 5. d3 Qxd5 6. Nc3 Bb4 7. Bd2 Bxc3 8.
bxc3 Nbd7 9. c4 Qe6 10. Ng5 Qe5 11. Rb1 exd3 12. cxd3 O-O 13. Qxe5 Nxe5 14. f4
Nc6 15. Bc3 Re8+ 16. Kd2 Ng4 17. Be2 h6 18. Ne4 f5 19. Ng3 b6 20. Bf3 Bd7 21.
h3 Nf6 22. Nxf5 Rad8 23. Nxh6+ Kh7 24. Ng4 Bf5 25. Nxf6+ gxf6 26. Be2 Rxe2+ 27.
Kxe2 Bxd3+ 28. Kf2 Bxb1 29. Rxb1 Kg6 30. g4 Rd3 31. f5+ Kg5 32. Rb3 Kf4 33.
Bxf6 Rd2+ 34. Ke1 Rxa2 35. Bb2 Na5 36. Bc1+ Ke4 37. Re3+ Kd4 38. f6 Nxc4 39. f7
Nxe3 40. f8=Q Ng2+ 41. Kf1 {Normal} 1-0

[Event "Rated Blitz game"]
[Site "?"]
[Date "2021.07.05"]
[Round "?"]
[White "RangyAngularity"]
[Black "Schachelite"]
[Result "1-0"]
[WhiteElo "2563"]
[BlackElo "2428"]
[PlyCount "77"]
[EventDate "2021.??.??"]
[EventType "blitz"]

1. e4 e5 2. Nf3 d5 3. Nxe5 Bd6 4. d4 dxe4 5. Bc4 Bxe5 6. Qh5 Qe7 7. Qxe5 Qxe5
8. dxe5 Ne7 9. Nc3 Nbc6 10. Nb5 Nxe5 11. Nxc7+ Kd7 12. Nxa8 Nxc4 13. b3 Ne5 14.
Bb2 N7g6 15. h4 h5 16. Bxe5 Nxe5 17. Rh3 Kd8 18. Rc3 Nc6 19. O-O-O+ Bd7 20. f3
Kc8 21. fxe4 Bg4 22. Rf1 Be6 23. b4 Kb8 24. Nc7 Nxb4 25. Kb2 Nxa2 26. Rc5 b6
27. Nxe6 bxc5 28. Nxc5 Nb4 29. Rxf7 Rc8 30. Nd7+ Kc7 31. Ne5+ Kd6 32. c3 Kxe5
33. cxb4 Kxe4 34. Rxg7 Rb8 35. Ka3 Kf4 36. Rxa7 Rg8 37. b5 Rxg2 38. Rh7 Rg3+
39. Kb4 {Time forfeit} 1-0

[Event "Rated Blitz game"]
[Site "?"]
[Date "2021.07.05"]
[Round "?"]
[White "Rekcul"]
[Black "Artem_0degov"]
[Result "0-1"]
[WhiteElo "2664"]
[BlackElo "2617"]
[PlyCount "36"]
[EventDate "2021.??.??"]
[EventType "blitz"]

1. e4 e5 2. Nf3 d5 3. exd5 e4 4. Qe2 Nf6 5. d3 Bb4+ 6. Bd2 O-O 7. Bxb4 exf3 8.
Qxf3 Re8+ 9. Kd2 Nxd5 10. c3 Qg5+ 11. Kc2 Re1 12. a3 Be6 13. c4 Nxb4+ 14. axb4
Nc6 15. Qg3 Qc1+ 16. Kb3 Nd4+ 17. Ka3 Qc2 18. Nd2 Rxa1# {Normal} 0-1

[Event "Rated Blitz game"]
[Site "?"]
[Date "2021.07.05"]
[Round "?"]
[White "piscatorox"]
[Black "pasha1984"]
[Result "1-0"]
[WhiteElo "2449"]
[BlackElo "2300"]
[PlyCount "67"]
[EventDate "2021.??.??"]
[EventType "blitz"]

1. e4 e5 2. Nf3 d5 3. exd5 e4 4. Qe2 Nf6 5. d3 Qxd5 6. Nc3 Bb4 7. Qd2 Bxc3 8.
Qxc3 exf3 9. gxf3 Nc6 10. Rg1 Qe5+ 11. Qxe5+ Nxe5 12. f4 Ng6 13. Bg2 O-O 14.
Be3 Re8 15. O-O-O c6 16. Bd4 Nd5 17. Be4 Ndxf4 18. Rde1 f5 19. Bd5+ Kf8 20.
Bc5+ Ne7 21. Bb3 b6 22. Bd4 g6 23. Be5 Nh5 24. d4 Nd5 25. c4 Ne7 26. Re2 Bd7
27. Rge1 Kf7 28. c5+ Be6 29. Bxe6+ Kxe6 30. Bd6+ Kd5 31. Bxe7 Kxd4 32. b3 bxc5
33. Kc2 c4 34. Rd1# {Normal} 1-0

[Event "Rated Blitz game"]
[Site "?"]
[Date "2021.07.05"]
[Round "?"]
[White "totoroo"]
[Black "artsportscience"]
[Result "0-1"]
[WhiteElo "2307"]
[BlackElo "2405"]
[PlyCount "68"]
[EventDate "2021.??.??"]
[EventType "blitz"]

1. e4 e5 2. Nf3 d5 3. Nxe5 Bd6 4. d4 dxe4 5. Nc4 Nf6 6. Nc3 Bf5 7. Be2 Be7 8.
O-O O-O 9. f3 Bg6 10. Bg5 exf3 11. Bxf3 c6 12. Qd2 Nbd7 13. Rad1 Nb6 14. Ne5
Nfd5 15. Bxe7 Qxe7 16. Nxg6 fxg6 17. Ne4 Nf4 18. b3 Rad8 19. c4 c5 20. d5 Nd7
21. Bg4 g5 22. g3 Ne5 23. gxf4 Nxg4 24. Nxg5 Ne3 25. Rfe1 Rxf4 26. Rxe3 Qxg5+
27. Rg3 Qf6 28. Qe3 Rf8 29. Re1 Rf1+ 30. Kg2 Qf2+ 31. Qxf2 R8xf2+ 32. Kh3 Rxe1
33. Rd3 Rfe2 34. d6 Re3+ {Normal} 0-1

[Event "Rated Blitz game"]
[Site "?"]
[Date "2021.07.05"]
[Round "?"]
[White "Medarde94"]
[Black "annaly1979"]
[Result "1-0"]
[WhiteElo "2532"]
[BlackElo "2421"]
[PlyCount "159"]
[EventDate "2021.??.??"]
[EventType "blitz"]

1. e4 e5 2. Nf3 d5 3. exd5 e4 4. Qe2 f5 5. d3 Nf6 6. Nbd2 Be7 7. dxe4 fxe4 8.
Nxe4 Nxe4 9. Qxe4 O-O 10. Bd3 Bf5 11. Qc4 Bxd3 12. Qxd3 Nd7 13. O-O h6 14. Re1
Bd6 15. Bxh6 gxh6 16. Qg6+ Kh8 17. Qxh6+ Kg8 18. Qg6+ Kh8 19. Qh5+ Kg8 20. Qg4+
Kh8 21. Qh3+ Kg8 22. Re4 Nf6 23. Rh4 Qe7 24. Re1 Qg7 25. Nd4 Rfe8 26. Ne6 Qg6
27. Rh6 Bxh2+ 28. Kh1 Qg4 29. Rxf6 Qxh3 30. gxh3 Bd6 31. Rg1+ Kh7 32. Rf7+ Kh6
33. Ng7 Re5 34. Nf5+ Rxf5 35. Rxf5 Re8 36. Rf6+ Kh7 37. Re6 Rf8 38. Rg4 Rf4 39.
Rxf4 Bxf4 40. Re7+ Kg6 41. Re6+ Kf5 42. Kg2 Be5 43. Kf3 Bxb2 44. Re7 Be5 45.
Rd7 b5 46. Re7 Bd6 47. Re6 Bh2 48. Rc6 a5 49. Ke3 Ke5 50. Kd3 Kxd5 51. Rg6 c5
52. h4 c4+ 53. Ke2 Bf4 54. h5 b4 55. h6 a4 56. h7 Be5 57. Rg5 b3 58. Rxe5+ Kxe5
59. h8=Q+ Kd5 60. cxb3 cxb3 61. axb3 axb3 62. Qa1 Kc4 63. Qb2 Kb4 64. Kd3 Kc5
65. Qxb3 Kd6 66. Qc4 Ke5 67. Qe4+ Kf6 68. f4 Kf7 69. f5 Kf6 70. Qe6+ Kg5 71.
Qg6+ Kf4 72. f6 Ke5 73. f7 Kd5 74. f8=Q Ke5 75. Qge8+ Kd5 76. Qff7+ Kc5 77.
Qfd7 Kb6 78. Qec8 Ka5 79. Qdb7 Ka4 80. Qca8# {Normal} 1-0

[Event "Rated Blitz game"]
[Site "?"]
[Date "2021.07.05"]
[Round "?"]
[White "sha6rath"]
[Black "annaly1979"]
[Result "0-1"]
[WhiteElo "2401"]
[BlackElo "2394"]
[PlyCount "91"]
[EventDate "2021.??.??"]
[EventType "blitz"]

1. e4 e5 2. Nf3 d5 3. Nxe5 Qe7 4. d4 f6 5. Qh5+ g6 6. Nxg6 Qxe4+ 7. Be2 Qxg6 8.
Qxd5 Ne7 9. Qb5+ c6 10. Qa5 b6 11. Qd2 Qxg2 12. Rf1 Bf5 13. Nc3 Nd7 14. Qf4 h5
15. Bf3 Qg6 16. Qc7 Rc8 17. Qxa7 b5 18. Bf4 Bxc2 19. a4 b4 20. Ne2 Bh6 21. Bxh6
Qxh6 22. Rc1 b3 23. a5 Nd5 24. Bxd5 cxd5 25. a6 Kd8 26. f4 Re8 27. Qb7 Qg6 28.
Qxd5 Rxe2+ 29. Kxe2 Qd3+ 30. Kf2 Kc7 31. Qb7+ Kd6 32. Qxc8 Qd2+ 33. Kg1 Be4 34.
Qg8 Qe3+ 35. Rf2 Qxc1+ 36. Rf1 Qe3+ 37. Rf2 Qc1+ 38. Rf1 Qxb2 39. Qg3 Qxd4+ 40.
Rf2 b2 41. Qa3+ Ke6 42. Qxb2 Qd1+ 43. Rf1 Qg4+ 44. Kf2 Qg2+ 45. Ke3 Qxb2 46.
Kxe4 {Normal} 0-1

[Event "Rated Blitz game"]
[Site "?"]
[Date "2021.07.05"]
[Round "?"]
[White "provolution"]
[Black "shach"]
[Result "1-0"]
[WhiteElo "2431"]
[BlackElo "2254"]
[PlyCount "91"]
[EventDate "2021.??.??"]
[EventType "blitz"]

1. e4 e5 2. Nf3 d5 3. exd5 e4 4. Nd4 Qxd5 5. Nb3 Nf6 6. Nc3 Qd8 7. d4 Bd6 8.
Be3 O-O 9. Nb5 a6 10. Nxd6 cxd6 11. Be2 d5 12. O-O Nc6 13. c4 Be6 14. Nc5 b6
15. Nxe6 fxe6 16. Rc1 Rc8 17. cxd5 exd5 18. Bxa6 Rc7 19. Bf4 Ra7 20. Bb5 Ne7
21. a3 Ng6 22. Bg3 Raf7 23. b4 h5 24. h3 h4 25. Bh2 Nh7 26. a4 Nf4 27. Qd2 Qg5
28. Bxf4 Rxf4 29. a5 bxa5 30. bxa5 Qg6 31. a6 Ng5 32. Kh1 Qe6 33. a7 Nxh3 34.
Qe3 Rf3 35. gxf3 Rxf3 36. Qxf3 exf3 37. a8=Q+ Kh7 38. Qb8 Ng5 39. Bd3+ g6 40.
Qh2 Kh6 41. Qxh4+ Kg7 42. Qxg5 Qh3+ 43. Kg1 Qg2+ 44. Qxg2 fxg2 45. Kxg2 Kf6 46.
f4 {Normal} 1-0

[Event "Rated Blitz game"]
[Site "?"]
[Date "2021.07.05"]
[Round "?"]
[White "biloha_serg_Poltava"]
[Black "Taabling"]
[Result "0-1"]
[WhiteElo "2361"]
[BlackElo "2465"]
[PlyCount "66"]
[EventDate "2021.??.??"]
[EventType "blitz"]

1. e4 e5 2. Nf3 d5 3. Nxe5 Bd6 4. d4 dxe4 5. Nc3 Bxe5 6. dxe5 Qxd1+ 7. Kxd1 Nc6
8. Bb5 Bd7 9. e6 fxe6 10. Nxe4 O-O-O 11. Bg5 Nce7 12. Bd3 h6 13. Be3 Nf5 14.
Bxa7 Bc6 15. Ke2 b6 16. a4 Kb7 17. a5 Kxa7 18. axb6+ Kxb6 19. Ra6+ Kb7 20. Nc5+
Kc8 21. Bxf5 Bb5+ 22. Bd3 Bxa6 23. Bxa6+ Kb8 24. Bb5 Nf6 25. Bc6 Rd6 26. Bf3
Nd5 27. Ra1 c6 28. c3 Re8 29. g3 Re7 30. Be4 g5 31. h3 Ra7 32. Rd1 Ra2 33. Nd3
Nxc3+ {Normal} 0-1

[Event "Rated Blitz game"]
[Site "?"]
[Date "2021.07.05"]
[Round "?"]
[White "MRMANiA"]
[Black "CreepyMovez"]
[Result "0-1"]
[WhiteElo "2416"]
[BlackElo "2377"]
[PlyCount "74"]
[EventDate "2021.??.??"]
[EventType "blitz"]

1. e4 e5 2. Nf3 d5 3. exd5 e4 4. Qe2 Nf6 5. d3 Bd6 6. dxe4 O-O 7. Nc3 Re8 8.
Bg5 Bg4 9. O-O-O Nbd7 10. h3 Bh5 11. g4 Bg6 12. Nd4 a6 13. f4 h6 14. Bxf6 Bxf4+
15. Kb1 Nxf6 16. Bg2 b5 17. h4 Qd6 18. g5 b4 19. Na4 Nxe4 20. Qc4 Nf2 21. gxh6
Bxh6 22. h5 Bh7 23. Nc5 Nxh1 24. Bxh1 a5 25. Rg1 Qe5 26. a4 bxa3 27. Nd7 Qd6
28. Nc5 axb2 29. Nc6 a4 30. Be4 Rxe4 31. Nxe4 Qa3 32. Qa2 Qe3 33. Nf6+ Kh8 34.
Qxb2 Qxg1+ 35. Ka2 gxf6 36. Qxf6+ Bg7 37. Qe7 Qa1# {Normal} 0-1

[Event "Rated Blitz game"]
[Site "?"]
[Date "2021.07.05"]
[Round "?"]
[White "Barmazyavka"]
[Black "CreepyMovez"]
[Result "0-1"]
[WhiteElo "2317"]
[BlackElo "2410"]
[PlyCount "52"]
[EventDate "2021.??.??"]
[EventType "blitz"]

1. e4 e5 2. Nf3 d5 3. exd5 e4 4. Qe2 Nf6 5. Nc3 Bd6 6. Nxe4 O-O 7. Nxf6+ Qxf6
8. Qc4 Re8+ 9. Be2 b5 10. Qh4 Qg6 11. Kf1 Qxc2 12. Nd4 Qc5 13. Bxb5 Ba6 14.
Bxa6 Nxa6 15. d3 Nb4 16. Be3 Nxd3 17. Nf5 Qxd5 18. Qg5 Be5 19. Rd1 Qc4 20. b3
Qc2 21. Rd2 Qc1+ 22. Ke2 Nf4+ 23. Kf3 Qc6+ 24. Kg4 Qxg2+ 25. Ng3 h5+ 26. Kf5
g6+ {Normal} 0-1

[Event "Rated Blitz tournament 9e390QVM"]
[Site "?"]
[Date "2021.07.05"]
[Round "?"]
[White "Aminov1802"]
[Black "viewer94"]
[Result "0-1"]
[WhiteElo "2265"]
[BlackElo "2411"]
[PlyCount "70"]
[EventDate "2021.??.??"]
[EventType "blitz"]

1. e4 e5 2. Nf3 d5 3. Nxe5 Bd6 4. d4 dxe4 5. Nc4 Nf6 6. Nxd6+ Qxd6 7. Be2 O-O
8. O-O Nc6 9. c3 Bf5 10. Bg5 h6 11. Bh4 Nd5 12. Bg3 Qg6 13. Bh5 Qg5 14. c4 Ndb4
15. a3 Nd3 16. h4 Qf6 17. d5 Nd4 18. Nc3 Rfe8 19. Qd2 Nb3 20. Qe3 Nxa1 21. Rxa1
Nxb2 22. Rb1 Nxc4 23. Qc5 Qxc3 24. d6 Qd3 25. Rd1 Nd2 26. Qxf5 cxd6 27. Bxf7+
Kh8 28. Bf4 Nf3+ 29. gxf3 Qxd1+ 30. Kh2 Qxf3 31. Bxe8 Qxf2+ 32. Kh3 Rxe8 33.
Qf7 Qf3+ 34. Kh2 Rg8 35. Bxh6 Qxf7 {Normal} 0-1

[Event "Rated Blitz game"]
[Site "?"]
[Date "2021.07.05"]
[Round "?"]
[White "aftereffect"]
[Black "Razario90"]
[Result "1-0"]
[WhiteElo "2377"]
[BlackElo "2433"]
[PlyCount "91"]
[EventDate "2021.??.??"]
[EventType "blitz"]

1. e4 e5 2. Nf3 d5 3. exd5 e4 4. Ng1 Qxd5 5. Nc3 Qe5 6. Be2 Nf6 7. d4 exd3 8.
Qxd3 Nc6 9. Nf3 Qd6 10. O-O Be6 11. Nb5 Qxd3 12. Bxd3 O-O-O 13. Bg5 Be7 14.
Rfe1 h6 15. Bh4 a6 16. Nc3 Nb4 17. Rad1 Rhe8 18. a3 Nxd3 19. cxd3 g5 20. Bg3
Nd5 21. Nxd5 Rxd5 22. d4 Bg4 23. Rc1 c6 24. Ne5 Bf8 25. Nxf7 Rxe1+ 26. Rxe1
Rxd4 27. Re8+ Kd7 28. Re1 Rd1 29. Ne5+ Ke6 30. Kf1 Bg7 31. Nxg4+ Rxe1+ 32. Kxe1
Kd5 33. Ne3+ Ke4 34. Nd1 Kd3 35. a4 b5 36. axb5 cxb5 37. Bd6 a5 38. g3 g4 39.
Bf4 h5 40. Bc1 a4 41. Ne3 b4 42. Nf5 Be5 43. Ne3 Bd4 44. Nf5 Be5 45. Ne3 Bd4
46. Nd1 {Time forfeit} 1-0

[Event "Rated Blitz game"]
[Site "?"]
[Date "2021.07.05"]
[Round "?"]
[White "Ehlvest"]
[Black "Artem_0degov"]
[Result "1-0"]
[WhiteElo "2517"]
[BlackElo "2617"]
[PlyCount "103"]
[EventDate "2021.??.??"]
[EventType "blitz"]

1. e4 e5 2. Nf3 d5 3. Nxe5 Bd6 4. d4 dxe4 5. Nc4 Nf6 6. Nc3 O-O 7. Be2 Nc6 8.
Bg5 Re8 9. Ne3 Bb4 10. a3 Ba5 11. d5 Ne5 12. O-O Ng6 13. b4 Bb6 14. d6 Qxd6 15.
Qxd6 cxd6 16. Rad1 Be6 17. Rxd6 Bc7 18. Rd2 Nf4 19. Bb5 Rec8 20. Bxf6 gxf6 21.
Nxe4 Kg7 22. g3 Ng6 23. c4 a6 24. Ba4 b5 25. cxb5 axb5 26. Bxb5 Rxa3 27. Rc1
Bb6 28. Rxc8 Bxc8 29. Nd5 Ba7 30. Kg2 Be6 31. Ndxf6 Ne5 32. Ne8+ Kf8 33. Nc7
Nf3 34. Nxe6+ fxe6 35. Rd7 Bd4 36. Nc5 Ne1+ 37. Kh3 Nf3 38. Nxe6+ Kg8 39. Nxd4
Ng5+ 40. Kg4 h6 41. Bc4+ Kh8 42. Nf5 Ne4 43. Rf7 Ra8 44. f4 Rg8+ 45. Kh5 Rc8
46. Kxh6 Rc6+ 47. Kh5 Rxc4 48. Ne7 Rxb4 49. Ng6+ Kg8 50. Re7 Rb5+ 51. Kh6 Rb8
52. Rg7# {Normal} 1-0

[Event "Rated Blitz game"]
[Site "?"]
[Date "2021.07.05"]
[Round "?"]
[White "JiRoS99"]
[Black "pasha1984"]
[Result "0-1"]
[WhiteElo "2476"]
[BlackElo "2399"]
[PlyCount "22"]
[EventDate "2021.??.??"]
[EventType "blitz"]

1. e4 e5 2. Nf3 d5 3. Nxe5 dxe4 4. Bc4 Qg5 5. Nxf7 Qxg2 6. Rf1 Bg4 7. f3 Bxf3
8. Be2 Be7 9. d3 Bh4+ 10. Kd2 Kxf7 11. c3 Nf6 {Normal} 0-1

[Event "Rated Blitz game"]
[Site "?"]
[Date "2021.07.05"]
[Round "?"]
[White "Handry_EK_BKD"]
[Black "CreepyMovez"]
[Result "1-0"]
[WhiteElo "2363"]
[BlackElo "2408"]
[PlyCount "75"]
[EventDate "2021.??.??"]
[EventType "blitz"]

1. e4 e5 2. Nf3 d5 3. exd5 e4 4. Qe2 Nf6 5. d3 Bd6 6. Nc3 O-O 7. dxe4 Re8 8.
Bg5 Bg4 9. O-O-O Nbd7 10. Kb1 a6 11. h3 Bh5 12. g4 Bg6 13. Nd2 b5 14. f3 Qb8
15. Nb3 b4 16. Na4 Nxe4 17. fxe4 Bxe4 18. Qh2 Bxh2 19. Rxh2 c5 20. Rhd2 h6 21.
Bh4 Qc7 22. Bc4 Nb6 23. Nxb6 Qxb6 24. Bf2 Rac8 25. d6 Red8 26. d7 Rc7 27. Bg3
Rc6 28. Re1 Re6 29. Bxe6 Qxe6 30. Nxc5 Bxc2+ 31. Kxc2 Qc4+ 32. Kb1 Qxc5 33.
Re8+ Kh7 34. Rxd8 Qg1+ 35. Kc2 Qc5+ 36. Kd1 Qg1+ 37. Be1 Qxe1+ 38. Kxe1 {Normal
} 1-0

[Event "Rated Blitz game"]
[Site "?"]
[Date "2021.07.05"]
[Round "?"]
[White "AAAAAAHHHHHHHH"]
[Black "Aldebaraan"]
[Result "1-0"]
[WhiteElo "2414"]
[BlackElo "2287"]
[PlyCount "53"]
[EventDate "2021.??.??"]
[EventType "blitz"]

1. e4 e5 2. Nf3 d5 3. Nxe5 Bd6 4. d4 dxe4 5. Nc3 Nf6 6. Bg5 O-O 7. Bxf6 gxf6 8.
Nc4 Bf4 9. g3 Bh6 10. Bg2 f5 11. O-O Nc6 12. d5 Ne7 13. f3 e3 14. f4 Re8 15.
Nxe3 Qd6 16. Kh1 Bd7 17. Qd3 Rad8 18. Rad1 Bg7 19. b3 Qb6 20. a4 c6 21. Rfe1
cxd5 22. Ncxd5 Nxd5 23. Nxd5 Rxe1+ 24. Rxe1 Qd6 25. Ne7+ Qxe7 26. Rxe7 Bf6 27.
Rxd7 {Normal} 1-0

[Event "Rated Blitz game"]
[Site "?"]
[Date "2021.07.05"]
[Round "?"]
[White "molinov"]
[Black "King_bg03"]
[Result "1-0"]
[WhiteElo "2459"]
[BlackElo "2598"]
[PlyCount "129"]
[EventDate "2021.??.??"]
[EventType "blitz"]

1. e4 e5 2. Nf3 d5 3. exd5 e4 4. Ne5 Nf6 5. d4 Nxd5 6. Bc4 Be6 7. O-O Nd7 8.
Re1 Nxe5 9. dxe5 e3 10. fxe3 Bc5 11. Qf3 Nxe3 12. Bxe3 Bxe3+ 13. Qxe3 Bxc4 14.
Nc3 Be6 15. Rad1 Qe7 16. Nd5 Bxd5 17. Rxd5 O-O 18. Red1 Rfd8 19. Qd4 Rxd5 20.
Qxd5 g6 21. h3 c6 22. Qd6 Re8 23. Qxe7 Rxe7 24. Kf2 Rxe5 25. Rd7 Rd5 26. Rxb7
Rd2+ 27. Kf3 Rxc2 28. a4 a5 29. g4 Kg7 30. g5 h6 31. gxh6+ Kxh6 32. b3 Rc3+ 33.
Kg2 f5 34. Ra7 Rxb3 35. Rxa5 Ra3 36. Rc5 Rxa4 37. Rxc6 Kg5 38. Rc3 Re4 39. Kg3
Rd4 40. Ra3 Kh5 41. Ra8 Rd3+ 42. Kg2 Kh4 43. Rh8+ Kg5 44. Rg8 Rd2+ 45. Kg3 f4+
46. Kf3 Rd3+ 47. Kg2 Rg3+ 48. Kh2 Ra3 49. Rf8 Ra2+ 50. Kg1 Ra3 51. Kg2 Rg3+ 52.
Kh2 Rd3 53. Kg2 Rd5 54. Kf3 Rf5 55. Rh8 Re5 56. Rb8 Re3+ 57. Kf2 Rg3 58. Rb5+
Kh4 59. Rb4 Kxh3 60. Rb7 Kg4 61. Rh7 Kf5 62. Rg7 Ke4 63. Rf7 Ke5 64. Re7+ Kd4
65. Re4+ {Time forfeit} 1-0

[Event "Rated Blitz game"]
[Site "?"]
[Date "2021.07.05"]
[Round "?"]
[White "MaeseMax"]
[Black "annaly1979"]
[Result "1-0"]
[WhiteElo "2408"]
[BlackElo "2402"]
[PlyCount "91"]
[EventDate "2021.??.??"]
[EventType "blitz"]

1. e4 e5 2. Nf3 d5 3. d4 dxe4 4. Nxe5 Bd6 5. Bf4 Nf6 6. Nc3 O-O 7. Qd2 Nc6 8.
Nxc6 bxc6 9. Bc4 Bg4 10. Be3 Re8 11. h3 Bh5 12. a3 Rb8 13. b4 h6 14. Ne2 Bxe2
15. Bxe2 Nd5 16. c4 Nxe3 17. Qxe3 f5 18. c5 Bf8 19. O-O Kh8 20. Bh5 Re7 21. Bg6
Qd5 22. Rad1 Re6 23. Bf7 Qd7 24. Bxe6 Qxe6 25. f3 Be7 26. fxe4 fxe4 27. Rde1
Bf6 28. Qxe4 Qc4 29. Rd1 Rd8 30. Rxf6 gxf6 31. Qxc6 Qf7 32. d5 Kg7 33. d6 cxd6
34. Rxd6 Re8 35. Rd7 Re7 36. Rxe7 Qxe7 37. Qd6 Qe3+ 38. Kh2 f5 39. c6 f4 40.
Qd7+ Kh8 41. Qg4 Qb6 42. Qc8+ Kh7 43. c7 Qe3 44. Qf5+ Kg7 45. Qg4+ Kf6 46. c8=Q
{Normal} 1-0

[Event "Rated Blitz game"]
[Site "?"]
[Date "2021.07.05"]
[Round "?"]
[White "bentonvg"]
[Black "CreepyMovez"]
[Result "1-0"]
[WhiteElo "2366"]
[BlackElo "2407"]
[PlyCount "49"]
[EventDate "2021.??.??"]
[EventType "blitz"]

1. e4 e5 2. Nf3 d5 3. exd5 e4 4. Nd4 Nf6 5. Nc3 Bd6 6. Bb5+ Nbd7 7. Nf5 Bf8 8.
Qe2 g6 9. Nxe4 Nxe4 10. Qxe4+ Be7 11. Nxe7 Qxe7 12. Qxe7+ Kxe7 13. Bxd7 Bxd7
14. c4 Rhe8 15. d3 Bf5 16. Kd2 b5 17. b3 a5 18. a4 b4 19. Bb2 Kd7 20. Rhe1 h5
21. Bf6 Rxe1 22. Rxe1 Re8 23. Re3 c6 24. Rxe8 Kxe8 25. dxc6 {Normal} 1-0

[Event "Rated Blitz game"]
[Site "?"]
[Date "2021.07.05"]
[Round "?"]
[White "oscalik"]
[Black "elcabusin"]
[Result "1-0"]
[WhiteElo "2439"]
[BlackElo "2423"]
[PlyCount "57"]
[EventDate "2021.??.??"]
[EventType "blitz"]

1. e4 e5 2. Nf3 d5 3. Nxe5 Bd6 4. d4 dxe4 5. Bc4 Bxe5 6. dxe5 Qxd1+ 7. Kxd1 Nc6
8. Bf4 Nge7 9. Bb5 Bf5 10. Nc3 O-O-O+ 11. Ke2 Nd4+ 12. Kf1 Ng6 13. Bg5 Nxb5 14.
Nxb5 Rd5 15. c4 Rxe5 16. Nxa7+ Kb8 17. Nb5 f6 18. Be3 Rd8 19. h3 Be6 20. b3 f5
21. g3 Rd3 22. Ke2 c6 23. Nd4 Bd7 24. h4 Ra5 25. h5 Ne5 26. b4 Raa3 27. Bf4 Ka7
28. Bxe5 e3 29. Nb3 {Normal} 1-0

[Event "Rated Blitz game"]
[Site "?"]
[Date "2021.07.05"]
[Round "?"]
[White "Barys74"]
[Black "Abik02"]
[Result "1-0"]
[WhiteElo "2736"]
[BlackElo "2643"]
[PlyCount "91"]
[EventDate "2021.??.??"]
[EventType "blitz"]

1. e4 e5 2. Nf3 d5 3. d3 dxe4 4. dxe4 Qxd1+ 5. Kxd1 f6 6. Bc4 Nc6 7. Be3 Bg4 8.
Nbd2 O-O-O 9. c3 Nge7 10. b4 Ng6 11. Kc2 Nf4 12. Rhg1 Be7 13. a4 a5 14. b5 Nb8
15. h3 Bd7 16. Bxf4 exf4 17. Nb3 b6 18. Nfd4 Bd6 19. Ne6 Rde8 20. Nbd4 g5 21.
f3 Be5 22. Ng7 Re7 23. Ngf5 Ree8 24. Rgd1 h5 25. Bd5 g4 26. hxg4 hxg4 27. fxg4
Rh2 28. Rd2 Bxd4 29. cxd4 Kd8 30. Kd3 c6 31. Bc4 cxb5 32. axb5 Reh8 33. Rf1
Bxf5 34. gxf5 R8h4 35. e5 fxe5 36. dxe5 Nd7 37. Be6 Nc5+ 38. Kc2+ Ke7 39. Bd5
f3 40. f6+ Kf8 41. Rxf3 Ne4 42. e6 Nd6 43. e7+ Ke8 44. Bc6+ Kf7 45. Rxd6 Rxg2+
46. Kd3 {Normal} 1-0

[Event "Rated Blitz game"]
[Site "?"]
[Date "2021.07.05"]
[Round "?"]
[White "alina0220"]
[Black "annaly1979"]
[Result "1-0"]
[WhiteElo "2596"]
[BlackElo "2434"]
[PlyCount "107"]
[EventDate "2021.??.??"]
[EventType "blitz"]

1. e4 e5 2. Nf3 d5 3. exd5 e4 4. Qe2 f5 5. d3 Nf6 6. Nc3 Bb4 7. dxe4 Bxc3+ 8.
bxc3 fxe4 9. c4 O-O 10. Nd4 c5 11. Nb3 Bf5 12. h3 Nbd7 13. Be3 Re8 14. g4 Bg6
15. Bg2 Ne5 16. Nxc5 b6 17. Ne6 Qd6 18. O-O Rac8 19. c5 Qxd5 20. Nf4 Qc4 21.
Qxc4+ Nxc4 22. Nxg6 hxg6 23. cxb6 axb6 24. Rfd1 Nxe3 25. fxe3 Rxc2 26. Rd6 Re2
27. Rxb6 Rxe3 28. a4 Nd5 29. Rxg6 Nf4 30. Rb6 Rg3 31. Rb2 e3 32. Kh2 Rxg2+ 33.
Rxg2 Nxg2 34. Kxg2 e2 35. Kf2 g5 36. a5 Kf7 37. a6 Ke6 38. a7 Ra8 39. Kxe2 Ke5
40. Ra6 Ke4 41. Kf2 Rf8+ 42. Kg2 Ra8 43. Kg3 Kd5 44. h4 gxh4+ 45. Kxh4 Kc5 46.
Kh5 Kb5 47. Ra1 Kb6 48. g5 Kb7 49. g6 Rh8+ 50. Kg5 Ka8 51. g7 Rd8 52. Kh6 Rd6+
53. Kh7 Rd7 54. Kh8 {Normal} 1-0

[Event "Rated Blitz game"]
[Site "?"]
[Date "2021.07.05"]
[Round "?"]
[White "MrTarrasch"]
[Black "annaly1979"]
[Result "1-0"]
[WhiteElo "2460"]
[BlackElo "2430"]
[PlyCount "45"]
[EventDate "2021.??.??"]
[EventType "blitz"]

1. e4 e5 2. Nf3 d5 3. exd5 e4 4. Ne5 Bd6 5. d4 Nf6 6. c4 b6 7. Nc3 h6 8. g3 O-O
9. Bg2 Bf5 10. O-O a6 11. Re1 Re8 12. Nxe4 Nxe4 13. Bxe4 Bxe4 14. Rxe4 f6 15.
f4 fxe5 16. fxe5 Bf8 17. Qg4 Kh8 18. Bd2 Nd7 19. Rf1 Qe7 20. Qg6 Rec8 21. Rf7
Qe8 22. Bxh6 gxh6 23. Qh7# {Normal} 1-0